Qualitative Marktforschung Methoden, Einsatzmöglichkeiten und Beurteilungskriterien

Saved in:
Bibliographic Details
Main Author: Kepper, Gaby
Format: Book
Language:German
Published: Wiesbaden Deutscher Universitäts Verlag 1996
Edition:2. überarb. Aufl.
Series:DUV Wirtschaftswissenschaft
Subjects:
Tags: Add Tag
No Tags, Be the first to tag this record!

MARC

LEADER 00000nam a2200000 4500
001 c017696
005 20221205125553.7
020 |a 3-8244-0292-0 
041 0 |a ger 
044 |a DE 
245 1 0 |a Qualitative Marktforschung  |b Methoden, Einsatzmöglichkeiten und Beurteilungskriterien  |c Gaby Kepper 
250 |a 2. überarb. Aufl. 
264 1 |a Wiesbaden  |b Deutscher Universitäts Verlag  |c 1996 
300 |a 271 s. 
490 1 |a DUV Wirtschaftswissenschaft 
830 0 |a DUV Wirtschaftswissenschaft 
610 2 0 |a výskum trhu 
610 2 0 |a kvalita 
610 2 0 |a metódy výskumu 
610 2 0 |a interview 
610 2 0 |a diskusia 
610 2 0 |a skupiny pracovné 
610 2 0 |a technika 
610 2 0 |a metódy poznania 
610 2 0 |a marketing 
610 2 0 |a marketing strategický 
610 2 0 |a rozhodovanie 
610 2 0 |a plánovanie 
610 2 0 |a štúdie prípadové 
610 2 0 |a postupy pracovné 
610 2 0 |a ankety 
100 1 |a Kepper, Gaby